<The> Impact of fiscal decentralization on income polarization in the selected countries

Gespeichert in:
Bibliographische Detailangaben
1. Verfasser: Neubauerová, Erika, 1968-
Weitere Verfasser: Tomčiková, Michaela
Format: Buchkapitel
Sprache:Englisch
Schlagworte:
Tags: Tag hinzufügen
Keine Tags, Fügen Sie das erste Tag hinzu!

MARC

LEADER 00000naa$a2200000$$$4500
001 0226778
005 20240502083607.8
041 0 |a eng 
044 |a CZ 
245 1 0 |a <The> Impact of fiscal decentralization on income polarization in the selected countries  |c Erika Neubauerová, Michaela Tomčíková 
610 2 0 |a decentralizácia fiškálna 
610 2 0 |a redistribúcia zdrojov finančných 
610 2 0 |a rozpočty verejné 
610 2 0 |a sektor verejný 
610 2 0 |a porovnanie medzinárodné 
100 1 |a Neubauerová, Erika, 1968- 
700 1 |a Tomčiková, Michaela